[Event "Wch Seniors 65 28th"]
[Site "Bled"]
[Date "2018.11.28"]
[Round "10"]
[White "Kolbak, Jens"]
[Black "Marcovici, Adrian"]
[Result "1/2-1/2"]
[WhiteElo "2173"]
[BlackElo "1910"]
[PlyCount "72"]
[EventDate "2018.11.18"]
[EventType "swiss"]
[EventRounds "11"]
[EventCountry "SLO"]
[SourceTitle "CBM 187 Extra"]
[Source "ChessBase"]
[SourceDate "2018.11.04"]
[SourceVersion "1"]
[SourceVersionDate "2018.11.04"]
[SourceQuality "1"]

1. e4 c5 2. Nf3 e6 3. Be2 Nc6 4. 0-0 Nf6 5. Nc3 a6 6. d4 cxd4 7. Nxd4 Qc7 8. Kh1 Nxd4 9. Qxd4 Bc5 10. Qd3 b5 11. f4 d6 12. Bf3 e5 13. f5 Bb7 14. Bg5 Rc8 15. Bxf6 gxf6 16. Nd5 Bxd5 17. Qxd5 Qc6 18. Qb3 Ke7 19. c3 Bb6 20. a4 bxa4 21. Rxa4 a5 22. Be2 Bc7 23. Bc4 Rb8 24. Qa3 Rxb2 25. Qxb2 Qxa4 26. Qe2 Qc6 27. h3 Rg8 28. Qd3 Bb6 29. Bd5 Qc5 30. Qc2 Rg3 31. Qa2 Qxc3 32. Rb1 Rxh3+ 33. gxh3 Qxh3+ 34. Qh2 Qf3+ 35. Qg2 Qh5+ 36. Qh2 Qf3+ 1/2-1/2